| 000 | 01092nam a2200265Ia 4500 | ||
|---|---|---|---|
| 008 | 191128s9999 xx 000 0 und d | ||
| 020 | _a9681658000 | ||
| 082 | _aC | ||
| 082 | _b MONv | ||
| 100 | _aMontes, Graciela, autora | ||
| 245 | 0 | _aLa venganza en el mercado / | |
| 245 | 0 | _cGraciela Montes ; ilustraciones Claudia Legnazzi | |
| 250 | _aPrimera edición | ||
| 260 | _aMéxico | ||
| 260 | _bFondo de Cultura Económica | ||
| 260 | _c1999 | ||
| 300 | _a[28] páginas sin numerar | ||
| 300 | _b ilustraciones en blanco y negro | ||
| 300 | _c 19 cm | ||
| 440 | _aA la orilla del viento ; 109 | ||
| 520 | _aCuando Ema oyó a su mamá llamarla "Emita", supo que le pediría que fuera a comprar algo. Al llegar al mercado Ema se alegró, pues vio que sólo había dos personas antes que ella. No contaba con los abusivos de siempre, que no esperan su turno. | ||
| 546 | _aspa | ||
| 650 | _aCuentos infantiles argentinos -- Siglo XX Literatura infantil argentina -- Siglo XX Niños en la literatura Mercados en la literatura-- | ||
| 799 | _aLegnazzi, Claudia, ilustradora | ||
| 999 |
_c4068 _d4068 |
||